Tan lejos de Ricardo, tan cerca de Wicksell (Registro nro. 28837)

Detalles MARC
000 -LEADER
fixed length control field 00356 a2200109 4500
001 - CONTROL NUMBER
control field ART_24497
005 - DATE AND TIME OF LATEST TRANSACTION
control field 20260410161934.0
008 - FIXED-LENGTH DATA ELEMENTS--GENERAL INFORMATION
fixed length control field 260409a
100 1# - MAIN ENTRY--PERSONAL NAME
Personal name Leijonhufvud, Axel
245 10 - TITLE STATEMENT
Title Tan lejos de Ricardo, tan cerca de Wicksell
773 0# - HOST ITEM ENTRY
Title Revista de Economía Política de Buenos Aires
Related parts - Año 1, Nº 2 (nov. 2007)
Record control number REV23982

No hay ítems disponibles.